000 00673nam a2200241Ia 4500
005 20260430150219.0
008 008 250103s9999 xx 000 0 eng d
037 _aTheses
040 _aCRL
040 _beng
040 _ceng
041 _2eng
041 _aeng
084 _qCRL
100 _aDas Suman Au.; Saha Ashis Kumar Gu.
_91236816
245 0 _aAssessment of Landslide Risk and Disaster Mnagement Strategies in Mandakini Valley, Uttarakhand
260 _c2021
300 _a281p.
650 _aGeography
700 _aUniversity of Delhi. Faculty of Social Science. Depatment of Geography
_91236796
942 _cTH
999 _c1849233
_d1849233